Countries by alpha code 3 - Statistics

General Stats
  • This quiz has been taken 6 times
  • The average score is 11 of 20
Answer Stats
Hint Answer % Correct
FR France
100%
ID Indonesia
100%
LV Latvia
83%
RW Rwanda
83%
VN Vietnam
83%
CA Canada
67%
HU Hungary
67%
JO Jordan
67%
KI Kiribati
67%
TZ Tanzania
67%
BD Bangladesh
50%
DM Dominica
50%
NP Nepal
50%
GE Georgia
33%
MW Malawi
33%
DZ Algeria
17%
SV El Salvador
17%
AE United Arab Emirates
17%
PS Palestine
0%
CV Saint Vincent and The Grenadines
0%
No matching quizzes found
Score Distribution
Percent of People with Each Score
Percentile by Number Answered
Your Score History
You have not taken this quiz